History Quiz

Random History or Country Quiz

Colonial Rule in Africa Quiz Stats

 Plays Quiz not verified by Sporcle

Challenge
Share
Tweet
Embed
Score 0/54 Timer 05:00
0 Plays Today
Country/Territory Empire % Correct
AlgeriaFrench Empire
98.3%
Burkina FasoFrench Empire
90.3%
BeninFrench Empire
90.2%
BotswanaBritish Empire
90.2%
AngolaPortuguese Empire
88.4%
Côte d'IvoireFrench Empire
85.9%
EgyptBritish Empire
84.1%
ChadFrench Empire
82.5%
KenyaBritish Empire
80.8%
Central African RepublicFrench Empire
80.7%
DjiboutiFrench Empire
79.9%
Democratic Republic of the CongoBelgian Empire
79.3%
GhanaBritish Empire
79.3%
LesothoBritish Empire
78.5%
GuineaFrench Empire
78.4%
MaliFrench Empire
77.9%
ComorosFrench Empire
77.7%
GabonFrench Empire
77.7%
MauritaniaFrench Empire
76.8%
(The) GambiaBritish Empire
76.7%
MalawiBritish Empire
76.7%
MadagascarFrench Empire
76.7%
Cape VerdePortuguese Empire
75.8%
Ethiopia (during WW2)Italian Empire
74.7%
MauritiusBritish Empire
73.6%
NigeriaBritish Empire
73.6%
NigerFrench Empire
72.3%
Country/Territory Empire % Correct
SenegalFrench Empire
70.5%
South AfricaBritish Empire
69.8%
Republic of the CongoFrench Empire
69.8%
BurundiBelgian Empire
69.3%
MozambiquePortuguese Empire
69.1%
Equatorial GuineaSpanish Empire
68%
Guinea-BissauPortuguese Empire
67.5%
SwazilandBritish Empire
67%
LibyaItalian Empire
66.7%
SudanBritish Empire
66.6%
TanzaniaBritish Empire
66.5%
Sierra LeoneBritish Empire
66.5%
ZimbabweBritish Empire
65.9%
SeychellesBritish Empire
65.6%
UgandaBritish Empire
65.4%
TunisiaFrench Empire
65.4%
São Tomé and PríncipePortuguese Empire
64.9%
TogoFrench Empire
64.9%
ZambiaBritish Empire
64.8%
LiberiaUnited States
63.1%
RwandaBelgian Empire
57.4%
South SudanSudan
53.7%
EritreaEthiopia
50.9%
Cameroon*French and British Empires
49.8%
Morocco*Spanish and French Empires
49.2%
NamibiaSouth Africa
47.8%
Somalia*British and Italian Empires
38.9%

You're not logged in!

Compare scores with friends on all Sporcle quizzes.
OR
Log In

You Might Also Like...

Show Comments

Extras

Top Quizzes Today


Score Distribution

Your Account Isn't Verified!

In order to create a playlist on Sporcle, you need to verify the email address you used during registration. Go to your Sporcle Settings to finish the process.

Report this User

Report this user for behavior that violates our Community Guidelines.

Details: